| 000 | 02399nam2a2200265 4500 | ||
|---|---|---|---|
| 001 | RU\NLR\BIBL_A\012544284 | ||
| 005 | 20210909122327.0 | ||
| 021 |
_aRU _bКН-П-21-003592 _9КН-П-21-0277 |
||
| 035 | _a(NLR Aleph) 012544284 | ||
| 035 | _a(RuMoRGB)010560290 | ||
| 090 |
_a12409904 _c12409904 |
||
| 100 | _a20210611d2020 k y0rusy50 ca | ||
| 101 | 0 |
_arus _deng |
|
| 102 | _aRU | ||
| 105 | _aa|||z|||100zy | ||
| 200 | 0 | _aВып. 2 | |
| 210 | _d2020 | ||
| 215 |
_a241, [1] с. _cил. |
||
| 300 | _aРез. англ. | ||
| 320 | _aБиблиогр. в конце ст. | ||
| 461 | 0 |
_1001RU\NLR\BIBL_A\012544283 _12001#$aФилософские, социологические и психолого-педагогические проблемы современного образования$eматериалы всероссийской (с международным участием) научно-практической конференции, г. Барнаул, 20-21 ноября 2020 г.$fМинистерство просвещения Российской Федерации, Федеральное государственное бюджетное образовательное учреждение высшего образования "Алтайский государственный педагогический университет" (ФГБОУ ВО "АлтГПУ")$gпод научной редакцией С.А. Ан$vВып. 2 _912409902 _cБарнаул _d2020 _fМинистерство просвещения Российской Федерации, Федеральное государственное бюджетное образовательное учреждение высшего образования "Алтайский государственный педагогический университет" (ФГБОУ ВО "АлтГПУ") _nФГБОУ ВО "АлтГПУ" _oматериалы всероссийской (с международным участием) научно-практической конференции, г. Барнаул, 20-21 ноября 2020 г. _tФилософские, социологические и психолого-педагогические проблемы современного образования _vВып. 2 |
|
| 942 | _cBOOK | ||
| 980 | _aNB | ||